000 00462nam a2200157 4500
001 132288
003 ES-MaACL
005 20230906194138.0
007 t|
008 070214s1982 sp r ||||1| spa d
100 1 _aRoldán Viloria, José.
_999157
245 1 0 _aElectricidad industrial
_b: esquemas básicos /
_cJosé Roldán Viloria.
260 _aMadrid :
_bParaninfo,
_c1982.
300 _a223 p. :
_bil. ;
_c24 cm.
852 _aES-MaACL
_jL-2738
_bR.103109
999 _c132288
_d132288